000 00470nam a22001697a 4500
001 45661
003 BD-DhUET
008 250802b xxu||||| |||| 00| 0 eng d
040 _c0
_dBD-DhUET
100 _aSamia Zabeen
245 _aCase study in co-production of public spacesFor inclusive city, Jhenaidah
260 _aDhaka
_bDepartment of Architecture, BUET
_c2026
300 _axii, 207 p.
501 _aOne CD-ROM
504 _aIncludes bibliographies
942 _cTH
999 _c45661
_d45661